Logo CIB grande

ECONOMIA DE EMPRESA Y ESTRATEGIA EMPRESARIAL (Registro nro. 227713)

Detalles MARC
000 -LEADER
campo de control de longitud fija 00829nam a2200313Ia 4500
005 - FECHA Y HORA DE LA ÚLTIMA TRANSACCIÓN
campo de control 20250425162348.0
008 - DATOS DE LONGITUD FIJA--INFORMACIÓN GENERAL
campo de control de longitud fija 250425s9999 xx 000 0 und d
020 ## - NÚMERO INTERNACIONAL ESTÁNDAR DEL LIBRO
Número Internacional Estándar del Libro 8448146204
041 ## - CÓDIGO DE IDIOMA
Código de lengua del texto/banda sonora o título independiente spa
043 ## - CÓDIGO DE ÁREA GEOGRÁFICA
Código de área geográfica sp
082 ## - NÚMERO DE LA CLASIFICACIÓN DECIMAL DEWEY
Número de clasificación 330.658
010 ## - NÚMERO DE CONTROL DE LA BIBLIOTECA DEL CONGRESO
Número de control de LC 66072
100 ## - ENTRADA PRINCIPAL--NOMBRE DE PERSONA
Nombre de persona BAYE, MICHAEL R.
245 #0 - MENCIÓN DEL TÍTULO
Título ECONOMIA DE EMPRESA Y ESTRATEGIA EMPRESARIAL
250 ## - MENCION DE EDICION
Mención de edición 5A ED.
260 ## - PUBLICACIÓN, DISTRIBUCIÓN, ETC.
Lugar de publicación, distribución, etc. España
Nombre del editor, distribuidor, etc. MCGRAWHILL
Fecha de publicación, distribución, etc. 2006
260 ## - PUBLICACIÓN, DISTRIBUCIÓN, ETC.
Lugar de publicación, distribución, etc. MADRID
Nombre del editor, distribuidor, etc. MCGRAWHILL
300 ## - DESCRIPCIÓN FÍSICA
Extensión 620
500 ## - NOTA GENERAL
Nota general Título Traducido: MANAGERIAL ECONOMICS AND BUSINESS STRATEGY
650 ## - PUNTO DE ACCESO ADICIONAL DE MATERIA--TÉRMINO DE MATERIA
Término de materia o nombre geográfico como elemento de entrada COMPETENCIA-ECONOMIA
650 ## - PUNTO DE ACCESO ADICIONAL DE MATERIA--TÉRMINO DE MATERIA
Término de materia o nombre geográfico como elemento de entrada COMPETENCIA-ECONOMIA
650 ## - PUNTO DE ACCESO ADICIONAL DE MATERIA--TÉRMINO DE MATERIA
Término de materia o nombre geográfico como elemento de entrada ECONOMIA DE LA EMPRESA
650 ## - PUNTO DE ACCESO ADICIONAL DE MATERIA--TÉRMINO DE MATERIA
Término de materia o nombre geográfico como elemento de entrada ECONOMIA DE LA EMPRESA
650 ## - PUNTO DE ACCESO ADICIONAL DE MATERIA--TÉRMINO DE MATERIA
Término de materia o nombre geográfico como elemento de entrada MERCADO
650 ## - PUNTO DE ACCESO ADICIONAL DE MATERIA--TÉRMINO DE MATERIA
Término de materia o nombre geográfico como elemento de entrada MERCADO
700 ## - ENTRADA AGREGADA--NOMBRE PERSONAL
Nombre de persona YAGO MORENO
Término indicativo de función/relación traductor
710 ## - ENTRADA AGREGADA--NOMBRE DE ENTIDAD CORPORATIVA
Nombre de entidad corporativa o nombre de jurisdicción como elemento de entrada MCGRAW-HILL
942 ## - ELEMENTOS DE ENTRADA SECUNDARIOS (KOHA)
Tipo de ítem Koha Libros
Existencias
Estatus retirado Estado de pérdida Estado de daño No para préstamo Biblioteca de origen Biblioteca actual Ubicación en estantería Fecha de adquisición Coste, precio normal de compra Total de préstamos Código de barras Copia número Nota pública
        ESCUELA DE NEGOCIOS ESCUELA DE NEGOCIOS   16/04/2009 34.00   CP-13698 2 COMPRA
        ESCUELA DE NEGOCIOS ESCUELA DE NEGOCIOS   16/04/2009 34.00   CP-13699 3 COMPRA

Copyright 2025 ESPOL. Todos los derechos reservados.